Statistiques concernant Drapeaux de l'Empire Russe

Cliquez ici pour prendre le quiz!

Statistiques générales

  • Ce quiz a été pris 103 fois
  • Le résultat moyen est 30 sur 32

Statistiques - réponses

Réponse% Correct
Allemagne
100%
Estonie
99%
États-Unis
99%
Finlande
99%
France
99%
Grèce
99%
Suède
99%
Turquie
99%
Ukraine
99%
Chine
98%
Corée du Nord
98%
Géorgie
98%
Liban
98%
Norvège
98%
Pologne
98%
Roumanie
98%
Russie
98%
Iran
97%
Arménie
96%
Biélorussie
96%
Bulgarie
96%
Kazakhstan
96%
Lettonie
95%
Moldavie
93%
Azerbaïdjan
91%
Lituanie
90%
Monténégro
90%
Ouzbekistan
86%
Turkménistan
84%
Kirghizistan
81%
Tadjikistan
80%
Djibouti
71%

Distribution des résultats

Percentile par nombre de réponses

% des personnes avec chaque résultat

Votre développement - résultats

Vous n’avez pas pris ce quiz